Govt. of
Madhya Pradesh

Monuments of Mandu (Record no. 14579)

MARC details
000 -LEADER
fixed length control field 004600000a22001930004500
001 - CONTROL NUMBER
control field 002670
003 - CONTROL NUMBER IDENTIFIER
control field MACL
005 - DATE AND TIME OF LATEST TRANSACTION
control field 20151004131226.0
008 - FIXED-LENGTH DATA ELEMENTS--GENERAL INFORMATION
fixed length control field 151004b xxu||||| |||| 00| 0 eng d
040 ## - CATALOGING SOURCE
Original cataloging agency MACL
Transcribing agency MACL
041 ## - LANGUAGE CODE
Language code of text/sound track or separate title English
082 ## - DEWEY DECIMAL CLASSIFICATION NUMBER
Classification number 910/SIN
100 ## - MAIN ENTRY--PERSONAL NAME
Personal name Singh, A.P.
9 (RLIN) 297
245 ## - TITLE STATEMENT
Title Monuments of Mandu
Statement of responsibility, etc. A.P. Singh
260 ## - PUBLICATION, DISTRIBUTION, ETC. (IMPRINT)
Place of publication, distribution, etc. Delhi
Date of publication, distribution, etc. 1964
Name of publisher, distributor, etc. Agam Kala Prakashan,
350 ## - PRICE (NR) (BK AM CF MU VM SE) [OBSOLETE]
Price 850
650 ## - SUBJECT ADDED ENTRY--TOPICAL TERM
Topical term or geographic name as entry element Geography
9 (RLIN) 13623
942 ## - ADDED ENTRY ELEMENTS (KOHA)
Call number prefix 910
Koha item type Books
Source of classification or shelving scheme
Holdings
Withdrawn status Lost status Source of classification or shelving scheme Damaged status Not for loan Home library Current library Date acquired Cost, normal purchase price Total Checkouts Full call number Barcode Date last seen Date last checked out Uniform Resource Identifier Price effective from Koha item type
          MACL MACL 15/04/2015 850.00 1 910/SIN CRE010038 02/05/2024 08/08/2019 14465 15/04/2015 Books